Кадровое делопроизводство: Начинаем с нуля. Аудит своими силами

Detalles Bibliográficos
Autor Principal: Журавлева И. В. Ирина Витальевна
Outros autores: Журавлева М. В. Маргарита Витальевна
Summary:Каждый кадровик на своем профессиональном пути неизбежно сталкивается с необходимостью восстановления запущенного кадрового делопроизводства или же оказывается в ситуации, когда налаживать кадровый учет приходится «с нуля». Авторы униги - специалисты по трудовому праву и кадровому делопроизводству с большим опытом работы — предлагают коллегам алгоритм построения и восстановления кадрового делопроизводства, отработанный в ходе многолетней практики.
Idioma:ruso
Publicado: Москва, Инфра-М, 2014
Edición:2-е изд.
Series:Просто. Кратко. Быстро
Subjects:
Formato: Libro
KOHA link:https://koha.lib.tpu.ru/cgi-bin/koha/opac-detail.pl?biblionumber=253957

MARC

LEADER 00000nam0a2200000 4500
001 253957
005 20231031214632.0
010 |a 9785160089867 
035 |a (RuTPU)RU\TPU\book\276377 
090 |a 253957 
100 |a 20140318d2014 km y0rusy50 ca 
101 0 |a rus 
102 |a RU 
105 |a y z 000zy 
200 1 |a Кадровое делопроизводство: Начинаем с нуля. Аудит своими силами  |f И. В. Журавлева, М. В. Журавлева 
205 |a 2-е изд. 
210 |a Москва  |c Инфра-М  |d 2014 
215 |a 188 с. 
225 1 |a Просто. Кратко. Быстро 
330 |a Каждый кадровик на своем профессиональном пути неизбежно сталкивается с необходимостью восстановления запущенного кадрового делопроизводства или же оказывается в ситуации, когда налаживать кадровый учет приходится «с нуля». Авторы униги - специалисты по трудовому праву и кадровому делопроизводству с большим опытом работы — предлагают коллегам алгоритм построения и восстановления кадрового делопроизводства, отработанный в ходе многолетней практики. 
606 1 |a Делопроизводство  |2 stltpush  |3 (RuTPU)RU\TPU\subj\9049 
610 1 |a кадры 
610 1 |a документалистика 
610 1 |a документальное обеспечение 
610 1 |a документальное оформление 
610 1 |a документальный контроль 
610 1 |a аудит 
610 1 |a документирование 
610 1 |a рабочее время 
610 1 |a личные дела 
610 1 |a трудовые книжки 
610 1 |a совместители 
675 |a 651.4/.9  |v 3 
700 1 |a Журавлева  |b И. В.  |g Ирина Витальевна 
701 1 |a Журавлева  |b М. В.  |g Маргарита Витальевна 
801 1 |a RU  |b 63413507  |c 20140318 
801 2 |a RU  |b 63413507  |c 20150618  |g RCR 
942 |c BK 
959 |a 51/20140317  |d 2  |e 249,90  |f ЧЗГЛ:1  |f АНЛ:1